[Event "Baku Chess Olympiad | Open"]
[Site "chess24.com"]
[Date "2016.09.12"]
[Round "10"]
[White "Mfune, Petros"]
[Black "Mohamed Hassan"]
[Result "1-0"]
[Board "1"]
[WhiteID "20500033"]
[WhiteElo "2032"]
[WhiteCountry "MAW"]
[WhiteFideId "20500033"]
[WhiteEloChange "5"]
[BlackID "16700058"]
[BlackElo "1855"]
[BlackTitle "CM"]
[BlackCountry "MDV"]
[BlackFideId "16700058"]
[BlackEloChange "-5"]

1. Nf3 {[%clk 1:30:57]} d5 {[%clk 1:30:46]} 2. g3 {[%clk 1:31:22]} Nf6 {[%clk
1:31:10]} 3. Bg2 {[%clk 1:31:47]} c6 {[%clk 1:31:25]} 4. b3 {[%clk 1:31:55]} Bf5
{[%clk 1:31:42]} 5. Bb2 {[%clk 1:31:59]} e6 {[%clk 1:31:49]} 6. O-O {[%clk
1:32:07]} Nbd7 {[%clk 1:32:10]} 7. d3 {[%clk 1:31:53]} Be7 {[%clk 1:32:30]} 8.
Nbd2 {[%clk 1:32:11]} O-O {[%clk 1:32:53]} 9. c4 {[%clk 1:31:41]} Rc8 {[%clk
1:31:33]} 10. Re1 {[%clk 1:29:43]} Bg6 {[%clk 1:31:35]} 11. a3 {[%clk 1:29:21]}
a5 {[%clk 1:30:51]} 12. Ra2 {[%clk 1:25:58]} Qb6 {[%clk 1:30:51]} 13. Bd4 {[%clk
1:23:23]} Qc7 {[%clk 1:30:33]} 14. Qa1 {[%clk 1:23:02]} c5 {[%clk 1:29:48]} 15.
Bb2 {[%clk 1:20:24]} b6 {[%clk 1:29:20]} 16. d4 {[%clk 1:18:30]} Rfe8 {[%clk
1:24:00]} 17. Nh4 {[%clk 1:18:37]} cxd4 {[%clk 1:23:42]} 18. Nxg6 {[%clk
1:16:38]} hxg6 {[%clk 1:24:03]} 19. Bxd4 {[%clk 1:13:56]} e5 {[%clk 1:23:11]} 20.
Be3 {[%clk 1:14:18]} Ng4 {[%clk 1:22:47]} 21. cxd5 {[%clk 1:12:09]} Nxe3 {[%clk
1:23:05]} 22. fxe3 {[%clk 1:12:32]} Qc5 {[%clk 1:22:02]} 23. Nf1 {[%clk 1:10:37]}
Bg5 {[%clk 1:22:00]} 24. Kh1 {[%clk 1:10:38]} Bxe3 {[%clk 1:22:01]} 25. b4 {[%clk
1:08:49]} axb4 {[%clk 1:21:52]} 26. axb4 {[%clk 1:09:09]} Qd4 {[%clk 1:21:56]}
27. Rd1 {[%clk 1:09:02]} Qxa1 {[%clk 1:19:49]} 28. Raxa1 {[%clk 1:09:12]} Bd4
{[%clk 1:18:16]} 29. Ra7 {[%clk 1:09:29]} Rcd8 {[%clk 1:17:09]} 30. Rc1 {[%clk
1:06:52]} e4 {[%clk 1:10:00]} 31. Rcc7 {[%clk 1:05:19]} Nf6 {[%clk 1:09:38]} 32.
e3 {[%clk 1:04:18]} Nxd5 {[%clk 1:06:46]} 33. Rxf7 {[%clk 1:03:40]} Bf6 {[%clk
1:06:29]} 34. Rfb7 {[%clk 1:00:04]} Rc8 {[%clk 1:04:35]} 35. h4 {[%clk 0:59:31]}
Rc3 {[%clk 1:03:15]} 36. Nd2 {[%clk 0:56:07]} Rc1+ {[%clk 0:58:45]} 37. Kh2
{[%clk 0:55:25]} Rc2 {[%clk 0:45:05]} 38. Nf1 {[%clk 0:43:12]} Nxb4 {[%clk
0:37:15]} 39. Rxb6 {[%clk 0:42:54]} Nd3 {[%clk 0:36:52]} 40. Rd6 {[%clk 1:04:25]}
Be5 {[%clk 1:04:15]} 41. Rdd7 {[%clk 1:01:05]} Rf8 {[%clk 1:03:13]} 42. Kg1
{[%clk 0:58:36]} Rcf2 {[%clk 0:56:13]} 43. Nh2 {[%clk 0:56:09]} Nc1 {[%clk
0:48:30]} 44. Ng4 {[%clk 0:53:20]} Ne2+ {[%clk 0:48:26]} 45. Kh2 {[%clk 0:52:59]}
Bxg3+ {[%clk 0:45:12]} 46. Kh3 {[%clk 0:52:49]} R2f7 {[%clk 0:38:52]} 47. Rxf7
{[%clk 0:50:30]} Rxf7 {[%clk 0:39:01]} 48. Rxf7 {[%clk 0:50:52]} Kxf7 {[%clk
0:38:37]} 49. Bf1 {[%clk 0:51:16]} Bxh4 {[%clk 0:37:08]} 50. Kxh4 {[%clk
0:50:09]} Nc3 {[%clk 0:36:43]} 51. Kg5 {[%clk 0:50:10]} Ke7 {[%clk 0:35:34]} 52.
Kxg6 {[%clk 0:47:58]} Nd1 {[%clk 0:35:04]} 53. Kxg7 {[%clk 0:47:21]} Nxe3 {[%clk
0:35:12]} 54. Nxe3 {[%clk 0:47:31]} Ke6 {[%clk 0:35:31]} 55. Kg6 {[%clk 0:47:44]}
Ke5 {[%clk 0:35:56]} 56. Kg5 {[%clk 0:48:03]} Kd4 {[%clk 0:35:52]} 57. Kf4 {[%clk
0:48:23]} Kc3 {[%clk 0:36:04]} 58. Kxe4 {[%clk 0:48:44]} Kd2 {[%clk 0:36:18]} 59.
Bb5 {[%clk 0:44:56]} Kc3 {[%clk 0:36:38]} 60. Nd5+ {[%clk 0:45:15]} Kc2 {[%clk
0:36:48]} 61. Ba4+ {[%clk 0:44:49]} Kb2 {[%clk 0:37:08]} 62. Kd3 {[%clk 0:44:44]}
Ka3 {[%clk 0:37:26]} 63. Bc2 {[%clk 0:44:23]} Kb2 {[%clk 0:37:48]} 64. Kd2 {[%clk
0:44:32]} Ka3 {[%clk 0:38:02]} 65. Kc3 {[%clk 0:44:50]} Ka2 {[%clk 0:38:23]} 66.
Nc7 {[%clk 0:41:46]} Ka3 {[%clk 0:38:32]} 67. Nb5+ {[%clk 0:42:04]} Ka2 {[%clk
0:38:49]} 68. Bb3+ {[%clk 0:42:00]} Kb1 {[%clk 0:39:03]} 69. Bd5 {[%clk 0:39:12]}
Ka1 {[%clk 0:39:13]} 70. Nd4 {[%clk 0:38:52]} Kb1 {[%clk 0:39:29]} 71. Nb3 {[%clk
0:37:50]} Ka2 {[%clk 0:39:33]} 72. Nd4+ {[%clk 0:31:52]} Ka3 {[%clk 0:39:08]} 73.
Nb5+ {[%clk 0:30:55]} Ka4 {[%clk 0:39:22]} 74. Kc4 {[%clk 0:31:03]} Ka5 {[%clk
0:39:49]} 75. Kc5 {[%clk 0:31:08]} Ka4 {[%clk 0:39:56]} 76. Ba2 {[%clk 0:28:33]}
Ka5 {[%clk 0:40:17]} 77. Bb3 {[%clk 0:27:27]} Ka6 {[%clk 0:40:40]} 78. Nd6 {[%clk
0:27:26]} Ka5 {[%clk 0:40:36]} 79. Nc4+ {[%clk 0:27:42]} Ka6 {[%clk 0:40:40]} 80.
Kc6 {[%clk 0:28:08]} Ka7 {[%clk 0:41:04]} 81. Ba4 {[%clk 0:26:41]} Ka6 {[%clk
0:40:41]} 82. Kc7 {[%clk 0:26:24]} Ka7 {[%clk 0:41:04]} 83. Bb5 {[%clk 0:23:41]}
Ka8 {[%clk 0:41:27]} 84. Nd6 {[%clk 0:23:51]} Ka7 {[%clk 0:41:44]} 85. Nc8+
{[%clk 0:24:15]} 1-0

[Event "Baku Chess Olympiad | Open"]
[Site "chess24.com"]
[Date "2016.09.12"]
[Round "10"]
[White "Ahmed, Ashraf"]
[Black "Chipanga, Chiletso"]
[Result "0-1"]
[Board "2"]
[WhiteID "16700031"]
[WhiteElo "1880"]
[WhiteTitle "FM"]
[WhiteCountry "MDV"]
[WhiteFideId "16700031"]
[WhiteEloChange "-5"]
[BlackID "16400119"]
[BlackElo "2059"]
[BlackTitle "CM"]
[BlackCountry "MAW"]
[BlackFideId "16400119"]
[BlackEloChange "5"]

1. e4 {[%clk 1:30:57]} c5 {[%clk 1:30:54]} 2. Nf3 {[%clk 1:31:26]} Nc6 {[%clk
1:31:17]} 3. d4 {[%clk 1:31:51]} cxd4 {[%clk 1:31:38]} 4. Nxd4 {[%clk 1:32:13]}
e6 {[%clk 1:31:52]} 5. Nc3 {[%clk 1:32:36]} Qc7 {[%clk 1:30:45]} 6. Be2 {[%clk
1:31:45]} a6 {[%clk 1:30:28]} 7. a3 {[%clk 1:31:54]} Nf6 {[%clk 1:29:57]} 8. Bg5
{[%clk 1:31:54]} b5 {[%clk 1:26:37]} 9. Nxc6 {[%clk 1:32:00]} Qxc6 {[%clk
1:27:01]} 10. e5 {[%clk 1:26:36]} Qxg2 {[%clk 1:21:18]} 11. Bf3 {[%clk 1:25:06]}
Qxg5 {[%clk 1:21:45]} 12. Bxa8 {[%clk 1:12:55]} Qxe5+ {[%clk 1:22:06]} 13. Qe2
{[%clk 1:12:55]} Qc7 {[%clk 1:22:02]} 14. O-O-O {[%clk 1:12:42]} Be7 {[%clk
1:21:15]} 15. Bf3 {[%clk 1:09:32]} d5 {[%clk 1:20:21]} 16. Rhe1 {[%clk 0:59:23]}
O-O {[%clk 1:16:39]} 17. Bxd5 {[%clk 0:54:01]} Bxa3 {[%clk 1:12:02]} 18. Bf3
{[%clk 0:52:08]} Qxc3 {[%clk 1:11:54]} 0-1

[Event "Baku Chess Olympiad | Open"]
[Site "chess24.com"]
[Date "2016.09.12"]
[Round "10"]
[White "Muhammed, Shuaau"]
[Black "Khuphwathea, Paul C."]
[Result "1-0"]
[Board "4"]
[WhiteID "16700406"]
[WhiteElo "1692"]
[WhiteCountry "MDV"]
[WhiteFideId "16700406"]
[WhiteEloChange "15"]
[BlackID "14305569"]
[BlackElo "1864"]
[BlackCountry "MAW"]
[BlackFideId "14305569"]
[BlackEloChange "-15"]

1. e4 {[%clk 1:30:57]} g6 {[%clk 1:28:51]} 2. d4 {[%clk 1:30:35]} c5 {[%clk
1:27:56]} 3. c3 {[%clk 1:30:38]} cxd4 {[%clk 1:28:03]} 4. cxd4 {[%clk 1:30:26]}
d6 {[%clk 1:28:20]} 5. Nf3 {[%clk 1:30:24]} Bg7 {[%clk 1:28:23]} 6. Nc3 {[%clk
1:27:53]} Nf6 {[%clk 1:27:04]} 7. Bb5+ {[%clk 1:26:11]} Nbd7 {[%clk 1:27:17]} 8.
O-O {[%clk 1:26:31]} O-O {[%clk 1:27:41]} 9. Re1 {[%clk 1:23:50]} a6 {[%clk
1:27:33]} 10. Bc4 {[%clk 1:23:24]} Qc7 {[%clk 1:25:50]} 11. Bb3 {[%clk 1:22:51]}
e5 {[%clk 1:25:34]} 12. dxe5 {[%clk 1:19:09]} dxe5 {[%clk 1:25:05]} 13. Be3
{[%clk 1:14:24]} Nc5 {[%clk 1:24:48]} 14. Nd5 {[%clk 1:12:27]} Nxd5 {[%clk
1:24:39]} 15. Bxd5 {[%clk 1:12:48]} Ne6 {[%clk 1:19:42]} 16. Rc1 {[%clk 1:10:52]}
Qe7 {[%clk 1:14:54]} 17. Qb3 {[%clk 1:05:18]} Nd4 {[%clk 1:13:12]} 18. Nxd4
{[%clk 0:57:21]} exd4 {[%clk 1:13:21]} 19. Bf4 {[%clk 0:57:00]} Be5 {[%clk
1:10:08]} 20. Qg3 {[%clk 0:54:01]} Bxf4 {[%clk 1:08:55]} 21. Qxf4 {[%clk
0:54:27]} Be6 {[%clk 1:08:21]} 22. Qe5 {[%clk 0:50:58]} d3 {[%clk 1:07:36]} 23.
Qd4 {[%clk 0:48:35]} Bxd5 {[%clk 1:03:19]} 24. exd5 {[%clk 0:48:45]} Qg5 {[%clk
1:02:39]} 25. Qxd3 {[%clk 0:49:11]} Rad8 {[%clk 1:02:54]} 26. Rcd1 {[%clk
0:47:14]} Rd7 {[%clk 1:01:37]} 27. Re4 {[%clk 0:47:16]} Rc8 {[%clk 1:00:47]} 28.
Rd4 {[%clk 0:46:31]} Qe5 {[%clk 0:55:13]} 29. f4 {[%clk 0:41:46]} Qc7 {[%clk
0:54:38]} 30. Kh1 {[%clk 0:40:35]} Qb6 {[%clk 0:54:24]} 31. b4 {[%clk 0:40:21]}
Qf6 {[%clk 0:53:01]} 32. h3 {[%clk 0:40:24]} Re8 {[%clk 0:52:18]} 33. a4 {[%clk
0:37:53]} Qh4 {[%clk 0:51:27]} 34. f5 {[%clk 0:35:07]} Qf2 {[%clk 0:50:26]} 35.
fxg6 {[%clk 0:33:01]} hxg6 {[%clk 0:50:13]} 36. Re4 {[%clk 0:31:01]} Rxe4 {[%clk
0:46:17]} 37. Qxe4 {[%clk 0:31:29]} Kg7 {[%clk 0:46:22]} 38. d6 {[%clk 0:31:09]}
Qf6 {[%clk 0:46:06]} 39. Qd5 {[%clk 0:31:11]} Qe6 {[%clk 0:46:11]} 40. Qc5 {[%clk
1:01:15]} Kh7 {[%clk 1:14:40]} 41. Qd4 {[%clk 1:00:48]} Qb3 {[%clk 1:13:32]} 42.
Re1 {[%clk 0:58:53]} Qxa4 {[%clk 1:11:26]} 43. Re8 {[%clk 0:58:51]} g5 {[%clk
1:11:42]} 44. Rh8+ {[%clk 0:53:03]} Kg6 {[%clk 1:09:47]} 45. Rg8+ {[%clk
0:52:21]} 1-0

[Event "Baku Chess Olympiad | Open"]
[Site "chess24.com"]
[Date "2016.09.12"]
[Round "10"]
[White "Prasad, Calvin"]
[Black "Mesfin, Leykun"]
[Result "0-1"]
[Board "1"]
[WhiteID "11400072"]
[WhiteElo "2013"]
[WhiteTitle "CM"]
[WhiteCountry "FIJ"]
[WhiteFideId "11400072"]
[WhiteEloChange "-7"]
[BlackID "15700097"]
[BlackElo "2129"]
[BlackCountry "ETH"]
[BlackFideId "15700097"]
[BlackEloChange "7"]

1. Nf3 {[%clk 1:30:54]} Nf6 {[%clk 1:30:33]} 2. c4 {[%clk 1:31:20]} c5 {[%clk
1:30:32]} 3. Nc3 {[%clk 1:31:33]} Nc6 {[%clk 1:30:48]} 4. d4 {[%clk 1:31:22]}
cxd4 {[%clk 1:31:09]} 5. Nxd4 {[%clk 1:31:51]} g6 {[%clk 1:31:09]} 6. g3 {[%clk
1:31:51]} Bg7 {[%clk 1:30:35]} 7. Bg2 {[%clk 1:32:44]} O-O {[%clk 1:30:35]} 8.
O-O {[%clk 1:32:44]} Qb6 {[%clk 1:28:54]} 9. Nb3 {[%clk 1:33:39]} d6 {[%clk
1:27:55]} 10. Be3 {[%clk 1:33:10]} Qc7 {[%clk 1:26:18]} 11. Rc1 {[%clk 1:29:39]}
a6 {[%clk 1:24:19]} 12. Nd5 {[%clk 1:27:30]} Qd8 {[%clk 1:22:03]} 13. Bb6 {[%clk
1:24:31]} Qd7 {[%clk 1:21:01]} 14. Qd2 {[%clk 1:24:20]} Ne5 {[%clk 1:12:48]} 15.
Bd4 {[%clk 1:13:40]} Nxd5 {[%clk 1:11:33]} 16. cxd5 {[%clk 1:13:39]} Qg4 {[%clk
1:06:28]} 17. f4 {[%clk 1:05:11]} Bh6 {[%clk 0:58:13]} 18. e3 {[%clk 1:05:33]}
Nd7 {[%clk 0:57:17]} 19. Qd1 {[%clk 1:05:41]} Qxd1 {[%clk 0:54:49]} 20. Rfxd1
{[%clk 1:05:55]} Nf6 {[%clk 0:51:13]} 21. Rc7 {[%clk 1:04:57]} Re8 {[%clk
0:51:25]} 22. Rdc1 {[%clk 1:03:57]} b5 {[%clk 0:46:47]} 23. h3 {[%clk 0:53:13]}
Bf8 {[%clk 0:45:35]} 24. g4 {[%clk 0:50:36]} h6 {[%clk 0:39:53]} 25. e4 {[%clk
0:43:46]} Bg7 {[%clk 0:33:28]} 26. e5 {[%clk 0:39:35]} Nh7 {[%clk 0:25:45]} 27.
Re1 {[%clk 0:38:32]} Kf8 {[%clk 0:23:08]} 28. Kf1 {[%clk 0:34:52]} Rd8 {[%clk
0:18:00]} 29. exd6 {[%clk 0:33:21]} exd6 {[%clk 0:18:28]} 30. Ree7 {[%clk
0:32:55]} Bxd4 {[%clk 0:16:15]} 31. Rxf7+ {[%clk 0:33:00]} Kg8 {[%clk 0:16:43]}
32. Nxd4 {[%clk 0:32:34]} Nf8 {[%clk 0:17:04]} 33. Ne6 {[%clk 0:30:40]} Bxe6
{[%clk 0:13:46]} 34. dxe6 {[%clk 0:29:40]} Nxe6 {[%clk 0:13:14]} 35. Bxa8 {[%clk
0:26:31]} Nxc7 {[%clk 0:13:03]} 36. Rxc7 {[%clk 0:26:52]} Rxa8 {[%clk 0:13:11]}
37. Rd7 {[%clk 0:27:06]} Rf8 {[%clk 0:12:44]} 38. Rxd6 {[%clk 0:26:45]} Rxf4+
{[%clk 0:12:43]} 39. Ke2 {[%clk 0:26:14]} Ra4 {[%clk 0:12:10]} 40. a3 {[%clk
0:53:53]} Kg7 {[%clk 0:41:54]} 41. Kd2 {[%clk 0:53:42]} h5 {[%clk 0:38:41]} 42.
g5 {[%clk 0:49:56]} Rh4 {[%clk 0:36:35]} 43. Rd3 {[%clk 0:49:42]} b4 {[%clk
0:34:02]} 44. axb4 {[%clk 0:48:30]} Rxb4 {[%clk 0:34:29]} 45. Rd7+ {[%clk
0:48:43]} Kg8 {[%clk 0:34:32]} 46. Kc3 {[%clk 0:46:25]} Rh4 {[%clk 0:32:28]} 47.
Rd3 {[%clk 0:46:32]} Kf7 {[%clk 0:32:42]} 48. b4 {[%clk 0:46:19]} Ke6 {[%clk
0:27:46]} 49. Rf3 {[%clk 0:46:36]} Ke5 {[%clk 0:27:30]} 50. Rf6 {[%clk 0:46:43]}
Rxh3+ {[%clk 0:27:45]} 51. Kc4 {[%clk 0:47:04]} Ra3 {[%clk 0:27:12]} 52. Rxg6
{[%clk 0:47:06]} Kf5 {[%clk 0:27:35]} 53. Rg8 {[%clk 0:47:14]} h4 {[%clk
0:24:29]} 54. Kd4 {[%clk 0:37:41]} h3 {[%clk 0:23:35]} 55. g6 {[%clk 0:38:02]}
Rg3 {[%clk 0:22:20]} 56. Rf8+ {[%clk 0:35:37]} Ke6 {[%clk 0:19:37]} 57. Rh8
{[%clk 0:28:37]} Kf6 {[%clk 0:19:31]} 58. Kc5 {[%clk 0:28:42]} Kg7 {[%clk
0:19:32]} 59. Rh4 {[%clk 0:28:56]} Kxg6 {[%clk 0:19:51]} 60. Kb6 {[%clk 0:27:44]}
Ra3 {[%clk 0:19:45]} 61. Rh8 {[%clk 0:27:04]} Kg5 {[%clk 0:18:52]} 62. Rg8+
{[%clk 0:23:03]} Kh4 {[%clk 0:18:50]} 63. Rg6 {[%clk 0:21:57]} h2 {[%clk
0:18:32]} 64. Rh6+ {[%clk 0:22:16]} Kg3 {[%clk 0:18:45]} 65. Rg6+ {[%clk
0:16:04]} Kf2 {[%clk 0:19:02]} 66. Rh6 {[%clk 0:16:31]} Kg2 {[%clk 0:18:49]} 67.
Rg6+ {[%clk 0:16:59]} Rg3 {[%clk 0:18:12]} 68. Rh6 {[%clk 0:17:29]} Rh3 {[%clk
0:18:09]} 69. Rg6+ {[%clk 0:17:58]} Kf2 {[%clk 0:18:24]} 70. Rf6+ {[%clk
0:18:14]} Ke2 {[%clk 0:18:47]} 0-1

[Event "Baku Chess Olympiad | Open"]
[Site "chess24.com"]
[Date "2016.09.12"]
[Round "10"]
[White "Gebregziabher, Brehane Gebre Mic"]
[Black "Kumar, Manoj"]
[Result "1-0"]
[Board "2"]
[WhiteID "15700119"]
[WhiteElo "1933"]
[WhiteTitle "CM"]
[WhiteCountry "ETH"]
[WhiteFideId "15700119"]
[WhiteEloChange "12"]
[BlackID "11400064"]
[BlackElo "1986"]
[BlackTitle "CM"]
[BlackCountry "FIJ"]
[BlackFideId "11400064"]
[BlackEloChange "-12"]

1. d4 {[%clk 1:30:53]} Nf6 {[%clk 1:30:48]} 2. Nf3 {[%clk 1:31:16]} d5 {[%clk
1:29:45]} 3. c4 {[%clk 1:31:37]} c6 {[%clk 1:30:04]} 4. e3 {[%clk 1:31:06]} e6
{[%clk 1:27:40]} 5. Bd3 {[%clk 1:31:11]} Nbd7 {[%clk 1:26:57]} 6. O-O {[%clk
1:31:35]} dxc4 {[%clk 1:26:51]} 7. Bxc4 {[%clk 1:31:52]} b5 {[%clk 1:27:07]} 8.
Bd3 {[%clk 1:32:16]} Bb7 {[%clk 1:27:07]} 9. e4 {[%clk 1:32:42]} a6 {[%clk
1:27:21]} 10. Bg5 {[%clk 1:33:02]} Qc7 {[%clk 1:19:29]} 11. Nbd2 {[%clk 1:33:16]}
c5 {[%clk 1:19:21]} 12. Rc1 {[%clk 1:33:27]} Qb6 {[%clk 1:17:51]} 13. dxc5 {[%clk
1:31:03]} Bxc5 {[%clk 1:17:49]} 14. Nb3 {[%clk 1:28:11]} Be7 {[%clk 1:16:56]} 15.
Qe2 {[%clk 1:28:20]} h6 {[%clk 1:12:23]} 16. Be3 {[%clk 1:28:09]} Qd8 {[%clk
1:12:50]} 17. Bf4 {[%clk 1:28:25]} Rc8 {[%clk 1:11:08]} 18. Rxc8 {[%clk 1:28:43]}
Qxc8 {[%clk 1:10:54]} 19. Rc1 {[%clk 1:28:37]} Qa8 {[%clk 1:11:14]} 20. Nfd2
{[%clk 1:28:54]} e5 {[%clk 1:06:40]} 21. Bg3 {[%clk 1:27:55]} O-O {[%clk
1:05:08]} 22. Na5 {[%clk 1:24:53]} Rc8 {[%clk 1:04:15]} 23. Rd1 {[%clk 1:22:13]}
Rd8 {[%clk 0:25:52]} 24. Nxb7 {[%clk 0:57:32]} Qxb7 {[%clk 0:25:10]} 25. h3
{[%clk 0:54:12]} Nc5 {[%clk 0:09:13]} 26. Bc2 {[%clk 0:53:04]} Nfd7 {[%clk
0:05:33]} 27. Nf3 {[%clk 0:50:12]} Bf6 {[%clk 0:04:00]} 28. Rd5 {[%clk 0:49:27]}
Re8 {[%clk 0:03:56]} 29. Qd1 {[%clk 0:45:15]} b4 {[%clk 0:03:44]} 30. Ba4 {[%clk
0:36:46]} Nxa4 {[%clk 0:03:30]} 31. Qxa4 {[%clk 0:35:05]} Re7 {[%clk 0:03:09]}
32. Qc2 {[%clk 0:32:52]} Kh7 {[%clk 0:02:12]} 33. Qd3 {[%clk 0:30:14]} Nb6 {[%clk
0:01:08]} 34. Rd6 {[%clk 0:28:32]} Qc7 {[%clk 0:00:50]} 35. b3 {[%clk 0:28:13]}
Rd7 {[%clk 0:00:33]} 36. Rxd7 {[%clk 0:27:31]} Nxd7 {[%clk 0:01:02]} 37. Qxa6
{[%clk 0:27:36]} Qc3 {[%clk 0:00:49]} 38. Qd6 {[%clk 0:25:51]} Nc5 {[%clk
0:00:40]} 39. Bxe5 {[%clk 0:22:59]} Qc1+ {[%clk 0:00:33]} 40. Kh2 {[%clk
0:52:10]} Nxe4 {[%clk 0:31:00]} 41. Qd4 {[%clk 0:52:18]} Bxe5+ {[%clk 0:27:34]}
42. Qxe5 {[%clk 0:42:35]} Nxf2 {[%clk 0:27:41]} 43. Nd4 {[%clk 0:36:59]} Qg5
{[%clk 0:19:39]} 44. Qxg5 {[%clk 0:34:59]} hxg5 {[%clk 0:20:08]} 45. Nf3 {[%clk
0:35:25]} g4 {[%clk 0:17:04]} 46. Ne1 {[%clk 0:34:59]} gxh3 {[%clk 0:16:35]} 47.
gxh3 {[%clk 0:35:18]} Kg6 {[%clk 0:12:39]} 48. Nc2 {[%clk 0:35:44]} Nd3 {[%clk
0:12:55]} 49. Kg3 {[%clk 0:36:12]} Kf5 {[%clk 0:10:49]} 50. Kf3 {[%clk 0:36:32]}
g5 {[%clk 0:09:46]} 51. Ke3 {[%clk 0:36:43]} Nf4 {[%clk 0:10:01]} 52. Nxb4 {[%clk
0:36:54]} Nxh3 {[%clk 0:10:14]} 53. a4 {[%clk 0:37:03]} g4 {[%clk 0:09:39]} 54.
a5 {[%clk 0:37:26]} Ng5 {[%clk 0:09:09]} 55. a6 {[%clk 0:37:35]} g3 {[%clk
0:09:39]} 56. a7 {[%clk 0:37:59]} Kg4 {[%clk 0:08:28]} 57. a8Q {[%clk 0:37:45]}
f5 {[%clk 0:08:54]} 58. Nd3 {[%clk 0:37:39]} 1-0

[Event "Baku Chess Olympiad | Open"]
[Site "chess24.com"]
[Date "2016.09.12"]
[Round "10"]
[White "Sikivou, Taione"]
[Black "Adebo, Muhaba Detamo"]
[Result "0-1"]
[Board "3"]
[WhiteID "11400153"]
[WhiteElo "1812"]
[WhiteCountry "FIJ"]
[WhiteFideId "11400153"]
[WhiteEloChange "-6"]
[BlackID "15700631"]
[BlackElo "1944"]
[BlackTitle "CM"]
[BlackCountry "ETH"]
[BlackFideId "15700631"]
[BlackEloChange "6"]

1. e4 {[%clk 1:30:57]} e6 {[%clk 1:30:52]} 2. d4 {[%clk 1:31:11]} d5 {[%clk
1:31:06]} 3. Nc3 {[%clk 1:31:23]} Bb4 {[%clk 1:31:15]} 4. e5 {[%clk 1:31:32]} c5
{[%clk 1:31:31]} 5. a3 {[%clk 1:32:00]} Bxc3+ {[%clk 1:31:48]} 6. bxc3 {[%clk
1:32:29]} Qa5 {[%clk 1:31:51]} 7. Bd2 {[%clk 1:32:55]} c4 {[%clk 1:31:53]} 8. h4
{[%clk 1:32:14]} Ne7 {[%clk 1:31:48]} 9. h5 {[%clk 1:32:37]} h6 {[%clk 1:31:08]}
10. g3 {[%clk 1:30:10]} Nbc6 {[%clk 1:29:56]} 11. Ne2 {[%clk 1:30:20]} Bd7 {[%clk
1:29:38]} 12. Bh3 {[%clk 1:30:42]} Qa4 {[%clk 1:27:44]} 13. O-O {[%clk 1:30:25]}
O-O-O {[%clk 1:27:13]} 14. Nf4 {[%clk 1:30:20]} Kb8 {[%clk 1:23:29]} 15. Kh2
{[%clk 1:30:36]} Bc8 {[%clk 1:23:23]} 16. Ng2 {[%clk 1:27:09]} g6 {[%clk
1:21:43]} 17. Ne3 {[%clk 1:26:56]} Rdg8 {[%clk 1:17:14]} 18. f4 {[%clk 1:22:30]}
Nf5 {[%clk 1:09:00]} 19. Ng2 {[%clk 1:18:30]} Nce7 {[%clk 0:58:20]} 20. Be1
{[%clk 1:13:44]} gxh5 {[%clk 0:54:47]} 21. Ra2 {[%clk 1:07:36]} Ng7 {[%clk
0:39:55]} 22. Ne3 {[%clk 1:05:48]} Rf8 {[%clk 0:35:17]} 23. f5 {[%clk 0:49:16]}
exf5 {[%clk 0:30:26]} 24. Qf3 {[%clk 0:45:45]} Be6 {[%clk 0:29:59]} 25. Ng2
{[%clk 0:44:17]} Ng6 {[%clk 0:24:23]} 26. Bd2 {[%clk 0:43:49]} Qd7 {[%clk
0:21:00]} 27. a4 {[%clk 0:30:29]} f4 {[%clk 0:16:35]} 28. gxf4 {[%clk 0:30:34]}
Nf5 {[%clk 0:11:38]} 29. Qxh5 {[%clk 0:27:37]} Rfg8 {[%clk 0:11:25]} 30. Bxf5
{[%clk 0:25:46]} Bxf5 {[%clk 0:11:39]} 31. Ne3 {[%clk 0:25:47]} Be4 {[%clk
0:11:39]} 32. f5 {[%clk 0:20:07]} Nf8 {[%clk 0:07:22]} 33. Qh3 {[%clk 0:19:04]}
h5 {[%clk 0:06:49]} 34. Raa1 {[%clk 0:18:17]} Nh7 {[%clk 0:06:49]} 35. e6 {[%clk
0:17:42]} Qd6+ {[%clk 0:06:34]} 0-1

[Event "Baku Chess Olympiad | Open"]
[Site "chess24.com"]
[Date "2016.09.12"]
[Round "10"]
[White "Fekadu, Desalegn Jimma"]
[Black "Adricula, Noel A"]
[Result "1-0"]
[Board "4"]
[WhiteID "15700070"]
[WhiteElo "2104"]
[WhiteCountry "ETH"]
[WhiteFideId "15700070"]
[WhiteEloChange "2"]
[BlackID "11400234"]
[BlackElo "1656"]
[BlackTitle "CM"]
[BlackCountry "FIJ"]
[BlackFideId "11400234"]
[BlackEloChange "-2"]

1. d4 {[%clk 1:30:55]} d5 {[%clk 1:30:51]} 2. c4 {[%clk 1:31:17]} e6 {[%clk
1:31:08]} 3. Nf3 {[%clk 1:31:38]} Nf6 {[%clk 1:30:56]} 4. Nc3 {[%clk 1:31:59]}
Be7 {[%clk 1:31:14]} 5. e3 {[%clk 1:32:14]} O-O {[%clk 1:31:24]} 6. Bd3 {[%clk
1:32:31]} dxc4 {[%clk 1:31:33]} 7. Bxc4 {[%clk 1:32:53]} a6 {[%clk 1:31:49]} 8.
O-O {[%clk 1:33:14]} Nbd7 {[%clk 1:30:59]} 9. e4 {[%clk 1:32:37]} b5 {[%clk
1:30:36]} 10. Bd3 {[%clk 1:32:50]} Bb7 {[%clk 1:30:50]} 11. e5 {[%clk 1:31:52]}
Nd5 {[%clk 1:27:43]} 12. Ne4 {[%clk 1:29:35]} Rc8 {[%clk 1:25:08]} 13. Qe2 {[%clk
1:28:21]} h6 {[%clk 1:18:20]} 14. Rd1 {[%clk 1:28:05]} Kh8 {[%clk 1:13:45]} 15.
a3 {[%clk 1:28:00]} c5 {[%clk 1:00:01]} 16. dxc5 {[%clk 1:27:54]} Nxc5 {[%clk
1:00:13]} 17. Nxc5 {[%clk 1:27:34]} Bxc5 {[%clk 0:57:37]} 18. Qe4 {[%clk
1:27:35]} f5 {[%clk 0:53:55]} 19. exf6 {[%clk 1:27:31]} Nxf6 {[%clk 0:54:01]} 20.
Qxb7 {[%clk 1:27:04]} Ng4 {[%clk 0:54:03]} 21. Qe4 {[%clk 1:26:26]} Bxf2+ {[%clk
0:53:03]} 22. Kh1 {[%clk 1:26:07]} Nf6 {[%clk 0:51:54]} 23. Qe2 {[%clk 1:24:49]}
Qb6 {[%clk 0:50:39]} 24. Ne5 {[%clk 1:24:07]} Kg8 {[%clk 0:44:33]} 25. Bd2 {[%clk
1:23:38]} Nd5 {[%clk 0:13:21]} 26. Bxh6 {[%clk 1:22:43]} Be3 {[%clk 0:03:43]} 27.
Bxg7 {[%clk 1:22:10]} Rf2 {[%clk 0:00:46]} 28. Qg4 {[%clk 1:22:30]} 1-0